000 00411nam a22001217a 4500
008 160809b xxu||||| |||| 00| 0 eng d
020 _a1579992110
100 _aO'toole, Patricia
245 _aShaping Sound Musicians
_bAn innovative approach to teaching comprehensive musicianship through performance
_cPatricia O'toole
260 _aChigago
_bGIA Publications
_c2003
300 _axiv, 395p.
942 _2lcc
_cBK
999 _c16041
_d16041